000 00884cad a22002055a 4500
001 E154638
008 120109e20111229xxk 000 0 eng u
035 _a(Sirsi) u154638
041 0 _aeng
110 2 _aBank of Scotland
_95792
245 0 0 _aScotland's most expensive streets concentrated in Edinburgh
_h[electronic resource]
260 _c2011
490 _aBank of Scotland Press Release
_v29 December 2011
520 _aInformation provided by Registers of Scotland suggests that 13 of the 20 most expensive residential streets in Scotland are in Edinburgh.
590 _aKA
651 4 _aScotland
_y1999-
690 _aPROPERTY-RESIDENTIAL PROPERTY-RESIDENTIAL PROPERTY MARKET
856 4 0 _uhttps://www.lloydsbankinggroup.com/media/pdfs/bos/2011/291211Scotland's_most_expensive_streets.pdf
_zView the news release free of charge at www.lloydsbankinggroup.com
942 _n0
999 _c83692
_d83692